[Event "1st Goa GM Open 2018"]
[Site "Taleigao"]
[Date "2018.10.17"]
[Round "6"]
[White "Konguvel, Ponnuswamy"]
[Black "Rahman, Ziaur"]
[Result "0-1"]
[WhiteElo "2325"]
[BlackElo "2473"]
[Annotator "TA"]
[PlyCount "58"]
[EventDate "2018.10.13"]
[EventType "swiss"]
[EventCountry "IND"]
[SourceTitle "playchess.com"]
[Source "ChessBase"]
[SourceQuality "1"]

{[%evp 19,58,43,21,25,52,46,45,48,72,68,63,52,67,57,66,53,82,69,108,12,46,-93,-91,-125,-113,-139,-139,-182,-192,-617,-613,-752,-788,-805,-806,-768,-728,-697,-703,-720,-708]} 1. e4 g6 2. d4 Bg7 3. Nc3 d6 4. Be3 a6 5. h4 Nf6 6. f3 b5 {B07: Pirc Defence: Miscellaneous Systems} 7. Qd2 h5 (7... Nbd7 8. g4 h6 9. O-O-O Nb6 10. b3 Bb7 11. Nge2 Nfd7 12. Ng3 c5 13. h5 cxd4 14. Bxd4 {1-0 (21) Volokitin,A (2628)-Malakhov,V (2686) Riadh 2017}) 8. O-O-O c6 9. Kb1 Qc7 10. e5 Nd5 {LiveBook: 6 Games} 11. exd6 Nxc3+ 12. Qxc3 Qxd6 $146 ({Predecessor:} 12... exd6 13. Qd2 Nd7 {1-0 (28) Bjerre,J (2338)-Rebers,E (2200) Ballerup 2017}) 13. Bd3 Nd7 {[#]} 14. Be4 $1 Bb7 15. Nh3 Nf6 16. Bf4 Nxe4 17. fxe4 Qd7 18. Nf2 Rd8 {[%cal Rg7d4]} 19. e5 ({White should play} 19. Be5 $16 f6 20. Bf4) 19... Qd5 20. g4 (20. Bg5 $14 {keeps the upper hand.}) 20... hxg4 $17 21. Nxg4 {[#]} c5 $1 {[%mdl 512] Threatens to win with ...Qf3.} 22. Rhg1 (22. Qxc5 Qxc5) 22... cxd4 23. Qb4 Qc4 24. Qe1 $2 (24. Qxc4 bxc4 25. e6) 24... d3 $19 {Black is clearly winning.} 25. Rxd3 Rxd3 26. cxd3 Qxf4 27. Nf6+ Bxf6 ({Weaker is} 27... exf6 28. exf6+ Kf8 29. Qe7+ Kg8 {[#]} 30. Rxg6 $1 $11 {[%mdl 512]}) 28. exf6 Qxf6 29. Qg3 Qd6 {Precision: White = 34%, Black = 43%.} 0-1

[Event "1st Goa GM Open 2018"]
[Site "Taleigao"]
[Date "2018.10.17"]
[Round "6"]
[White "Jubin Jimmy"]
[Black "Bakunts, Rafael"]
[Result "0-1"]
[WhiteElo "2308"]
[BlackElo "2427"]
[Annotator "TA"]
[PlyCount "70"]
[EventDate "2018.10.13"]
[EventType "swiss"]
[EventCountry "IND"]
[SourceTitle "playchess.com"]
[Source "ChessBase"]
[SourceQuality "1"]

{[%evp 15,70,15,24,11,21,13,4,-23,11,15,69,64,68,72,61,66,77,67,84,27,79,15,13,15,20,14,57,27,32,0,0,0,0,0,0,0,0,0,-5,-352,-359,-497,-506,-898,-888,-856,-829,-1781,-1607,-2259,-2471,-5423,-5058,-29973,-29971,-6212,-5979]} 1. d4 d6 2. e4 Nf6 3. Nc3 e5 4. Nf3 Nbd7 {[%cal Bb8d7,Bd7c5,Bc5e6][%mdl 32]} 5. Bc4 Be7 6. O-O O-O 7. Bb3 exd4 8. Nxd4 Nc5 9. Re1 {C41: Philidor Defence} Re8 (9... c6 10. Bf4 Re8 11. Qd2 Bf8 12. f3 h6 13. Bc4 Bd7 14. a4 a5 15. b3 Qc7 16. Rad1 Rad8 17. Kh1 Bc8 {0-1 (85) Ivanchuk,V (2769)-Mamedyarov,S (2726) Astana 2012}) 10. f3 c6 11. Bg5 $146 {The position is equal.} ({Predecessor:} 11. Bf4 Bf8 12. Qd2 a5 13. a4 Nfd7 14. Bc4 Qf6 15. Bf1 Qg6 16. Rad1 Ne5 {0-1 (73) Zaragatski,I (2300)-Zaitsev,M (2556) Bergheim 2003}) 11... Ne6 12. Be3 d5 (12... Qc7 $11) 13. exd5 $14 cxd5 14. Kh1 Nc5 15. Qd2 Nxb3 16. axb3 h6 17. Qf2 (17. Bf2 $16) 17... Bf8 (17... Bb4 $11 {keeps the balance.}) 18. Bf4 (18. Ndb5 $16) 18... Rxe1+ $11 19. Rxe1 Bd7 20. Be5 Rc8 21. Qh4 Be7 {[#] ...Ng4 is the strong threat.} 22. Qg3 Nh5 $36 {[%mdl 2048] Black has good play.} 23. Qf2 f6 24. Bg3 $1 Bb4 25. Re3 Qa5 26. Qe1 Nxg3+ 27. Qxg3 $2 {[%mdl 8192]} (27. hxg3 $11 {and White is okay.} Qc7 28. Kh2) 27... Qa1+ $19 ({Not} 27... Bxc3 28. bxc3 Qa1+ 29. Qe1 $15) 28. Qe1 Qxb2 29. Nde2 (29. Nd1 $142 Bxe1 30. Nxb2) 29... d4 30. Rd3 Bf5 31. Nxd4 Bxd3 32. Qe6+ Kh7 {[#] ( -> ...Qc1+)} 33. h3 Qxc3 34. cxd3 Qc1+ 35. Kh2 Qf4+ {Precision: White = 28%, Black = 59%.} 0-1

[Event "1st Goa GM Open 2018"]
[Site "Taleigao"]
[Date "2018.10.17"]
[Round "6"]
[White "Raahul V S"]
[Black "Das, Sayantan"]
[Result "1/2-1/2"]
[WhiteElo "2294"]
[BlackElo "2425"]
[Annotator "TA"]
[PlyCount "181"]
[EventDate "2018.10.13"]
[EventType "swiss"]
[EventCountry "IND"]
[SourceTitle "playchess.com"]
[Source "ChessBase"]
[SourceQuality "1"]

{[%evp 16,181,0,-1,0,-4,-9,-15,0,-10,-10,-9,-6,-93,8,-25,-34,-25,-41,-40,0,0,0,0,0,0,0,0,0,0,0,0,0,-5,-8,-12,-9,-23,-19,-20,-13,-18,-14,-29,-24,-23,-3,-14,-8,-73,-20,-57,-46,-175,-176,-175,-169,-210,-166,-244,-229,-204,-205,-200,-248,-274,-249,-268,-266,-222,-29,-29,-29,-29,-29,-30,-30,-235,-46,-54,-54,-54,-54,-54,-51,-51,-19,-16,-16,-18,0,-20,0,-46,-30,-32,-16,-70,0,-31,-8,-8,-8,-8,-8,-8,-8,-8,-8,-46,-15,-71,-71,-71,-71,-71,-71,-71,-71,-71,-71,-71,-71,-71,-71,-71,-71,-71,-71,-71,-71,-71,-71,-71,-71,-71,-71,-71,-71,-71,-71,-71,0,-71,-71,-71,-71,-71,-71,-71,-71,-71,-71,-71,-71,-71,-71,-71,-71,-71,0,-71,-71,-71,-71,-71,-71,-71]} 1. c4 c5 2. Nf3 {[%cal Bg1f3,Bf3d4,Bd4c2][%mdl 32]} Nc6 3. Nc3 g6 4. d4 cxd4 5. Nxd4 Bg7 6. Nc2 Bxc3+ 7. bxc3 Qa5 8. Ne3 {A35: Symmetrical English: 2 Nc3 Nc6 3 Nf3} (8. e4 Nf6 9. f3 Qxc3+ 10. Bd2 Qe5 11. Rb1 b6 12. Be2 Ba6 13. Qc1 Rc8 14. Qa3 Na5 15. Ne3 d6 16. Bc3 {0-1 (46) Cordova,E (2645)-Piorun,K (2638) Matanzas 2017}) 8... Nf6 9. Nd5 {LiveBook: 9 Games} O-O 10. Bg5 $146 {The position is equal.} ({Predecessor:} 10. e3 Kg7 11. Bb2 d6 12. Be2 Be6 13. Nf4 Rac8 14. O-O Ne5 15. Nxe6+ fxe6 {0-1 (43) Vaarala,E (2125)-Rukavina,J (2397) Pula 2010}) 10... Nxd5 11. cxd5 Ne5 12. Qd4 {aiming for Bh6.} f6 13. Bd2 b6 14. h4 (14. f4 $1 $11 Nf7 15. e4) 14... Bb7 (14... Ba6 $17 15. f4 Nc4) 15. e4 Ba6 16. h5 Bxf1 17. Kxf1 Qa6+ 18. Kg1 Qd3 19. hxg6 hxg6 20. Rh6 Qxd4 21. cxd4 Nc4 22. Bb4 Kg7 23. Rh3 d6 24. Rc1 b5 25. a4 a6 26. axb5 axb5 27. Rb3 Rfb8 28. Be1 Ra4 29. f3 Kf7 30. Rcb1 Na3 31. Ra1 Rba8 32. Bc3 (32. Ra2 $11) 32... f5 (32... Nc2 $17 33. Rc1 Nxd4 34. Bxd4 Rxd4) 33. e5 Nc2 $36 {[%mdl 2048] Black has the initiative.} 34. Rxa4 (34. Rc1 $15 Ne3 35. Rxb5) 34... bxa4 $15 {[%mdl 4096] Endgame KRB-KRN} ({Worse is} 34... Rxa4 35. exd6 (35. Rxb5 Nxd4 36. e6+ Kf6 $11) 35... exd6 36. Rxb5 $11) 35. Rb7 {Threatens to win with exd6.} Kf8 36. exd6 exd6 37. Rb6 (37. Rb2 $142 Ne3 38. Bb4) 37... Ke7 38. Rb7+ Kd8 39. Rg7 Ra6 $1 40. Kf2 a3 41. Ke2 {Kd2 is the strong threat.} a2 42. Kd2 a1=Q $2 ({Better is} 42... Na3 $19 43. Ba1 Rb6 44. Rg8+ Kc7 45. Rg7+ Kb8 46. Rg8+ Kb7 47. Rg7+ Ka6) 43. Bxa1 $11 Nxa1 {KRN-KR} 44. Kc3 Ra2 {And now ...Rc2+ would win.} 45. Rxg6 Ke7 46. g4 $2 {[#]} (46. Rg7+ $11 {and White has nothing to worry.} Kf6 47. Rd7) 46... fxg4 $2 ({Black should play} 46... Rf2 $1 $19 47. Rg7+ Ke8 48. gxf5 Rxf3+ 49. Kc4 Nc2) 47. fxg4 Rc2+ 48. Kd3 Rg2 49. Rg7+ Ke8 50. Rg6 Kd7 51. Rg7+ Kd8 {With the idea ...Rg3+.} 52. Rg6 Ke7 53. Rg7+ Ke8 54. Rg6 Rg3+ 55. Ke4 Ke7 56. Rg7+ (56. Kf4 $11 Rg1 57. Rg7+ Ke8 58. Rg6) 56... Ke8 57. Rg6 Nb3 58. Kf4 Rd3 {Hoping for ...Ke7.} 59. Rxd6 Rxd4+ 60. Kf5 Ke7 61. Rb6 Nc5 {[#]} 62. d6+ $1 {[%mdl 512]} Kd7 (62... Rxd6 63. Rxd6) 63. g5 {[#]} (63. Rb5 $11 {remains equal.}) 63... Rd5+ $1 $17 64. Kg4 Ne6 ({Reject} 64... Rxd6 65. Rxd6+ Kxd6 66. Kh5 $11) 65. Rb7+ Kxd6 66. Rb6+ Kd7 67. Rb7+ Kc6 68. Ra7 Rxg5+ 69. Kh4 Rg6 70. Kh5 Rg8 71. Kh4 Nc5 72. Ra5 Kd6 73. Kh3 Ne4 74. Kh4 Ke6 75. Kh3 Nf2+ 76. Kh2 Nd3 77. Kh3 Nf4+ 78. Kh4 Nd3 79. Kh3 $1 Ne5 80. Kh2 Kf5 81. Kh3 Rg7 82. Kh2 Rg4 (82... Ke4 {looks sharper.} 83. Kh3 Nd3 84. Ra4+ Kf3 85. Kh4 Rg1) 83. Kh3 Rb4 84. Ra8 Rb3+ 85. Kg2 Ng6 86. Kf2 Kg4 87. Rg8 Kf5 88. Ra8 $1 Rb4 {Black is better.} 89. Ke3 Re4+ 90. Kd2 Nf4 91. Rf8+ {Precision: White = 56%, Black = 67%.} 1/2-1/2

[Event "1st Goa GM Open 2018"]
[Site "Taleigao"]
[Date "2018.10.17"]
[Round "6"]
[White "Karthik Kumar Pradeep"]
[Black "Neelotpal, Das"]
[Result "0-1"]
[WhiteElo "2265"]
[BlackElo "2436"]
[Annotator "RC"]
[PlyCount "104"]
[EventDate "2018.10.13"]
[EventType "swiss"]
[EventCountry "IND"]
[SourceTitle "playchess.com"]
[Source "ChessBase"]
[SourceQuality "1"]
[TimeControl "5400+30"]

1. d4 {[%emt 0:00:08]} Nf6 {[%emt 0:00:00]} 2. c4 {[%emt 0:00:16]} e6 {[%emt 0:00:00]} 3. g3 {[%emt 0:00:07]} d5 {[%emt 0:00:01]} 4. Nf3 {[%emt 0:00:09]} Bb4+ {[%emt 0:00:03]} 5. Bd2 {[%emt 0:00:06]} Be7 {[%emt 0:00:05]} 6. Bg2 {[%emt 0:00:25]} O-O {[%emt 0:00:16]} 7. O-O {[%emt 0:00:06]} c6 {[%emt 0:00:20]} 8. b3 {[%emt 0:01:35]} Nbd7 {[%emt 0:02:06]} 9. Nc3 {[%emt 0:01:03]} b6 {[%emt 0:00:39]} 10. Bf4 {[%emt 0:06:15]} Ba6 {[%emt 0:09:36]} 11. cxd5 {[%emt 0:03:26]} cxd5 {[%emt 0:00:35]} 12. a4 {[%emt 0:01:45]} Nh5 {[%emt 0:00:52]} 13. Bd2 {[%emt 0:05:54]} Bb7 {[%emt 0:02:38]} 14. Qb1 {[%emt 0:12:26]} Rc8 {[%emt 0:03:03]} 15. Rc1 {[%emt 0:01:47]} a6 {[%emt 0:00:39]} 16. e3 {[%emt 0:22:41]} Nhf6 {[%emt 0:10:17]} 17. Ne1 {[%emt 0:02:29]} Bd6 {[%emt 0:05:51]} 18. Nd3 {[%emt 0:03:21]} Qe7 {[%emt 0:03:51]} 19. Ne2 {[%emt 0:13:56]} h5 {[%emt 0:03:42]} 20. Ra2 {[%emt 0:02:57]} h4 {[%emt 0:08:33]} 21. Rac2 {[%emt 0:01:15]} hxg3 {[%emt 0:05:20]} 22. hxg3 {[%emt 0:00:03]} Ng4 {[%emt 0:09:44]} 23. b4 {[%emt 0:01:03]} Rb8 {[%emt 0:05:56]} 24. Qa1 {[%emt 0:03:00]} a5 {[%emt 0:02:57]} 25. Nc3 {[%emt 0:03:30]} Ba6 {[%emt 0:06:57]} 26. Nb5 {[%emt 0:00:26]} Bxb5 {[%emt 0:00:19]} 27. axb5 {[%emt 0:00:02]} Ra8 {[%emt 0:04:03]} 28. bxa5 {[%emt 0:02:56]} bxa5 {[%emt 0:00:28]} 29. e4 {[%emt 0:01:47]} dxe4 {[%emt 0:02:28]} 30. Bxe4 {[%emt 0:00:02]} Ra7 {[%emt 0:00:04]} 31. Rc6 {[%emt 0:01:37]} Ngf6 {[%emt 0:04:38]} 32. Bg2 {[%emt 0:00:40]} Nb8 {[%emt 0:02:00]} 33. R6c2 {[%emt 0:01:17]} Nbd7 34. Rc6 {[%emt 0:05:08]} Nb8 {[%emt 0:03:25]} 35. R6c2 {[%emt 0:00:01]} Nbd7 {[%emt 0:00:21]} 36. Bc6 {[%emt 0:00:10]} a4 {[%emt 0:01:56]} 37. Ra2 {[%emt 0:00:37]} a3 {[%emt 0:02:19]} 38. Qb1 {[%emt 0:01:41]} Ra4 {[%emt 0:01:58]} 39. Bc3 {[%emt 0:01:18]} Nd5 {[%emt 0:00:37]} 40. Ba1 {[%emt 0:01:20]} N7b6 {[%emt 0:00:47]} 41. Nc5 {[%emt 0:00:21]} Rc4 {[%emt 0:00:22]} 42. Rxc4 {[%emt 0:00:48]} Nxc4 {[%emt 0:00:01]} 43. Na6 {[%emt 0:00:28]} Qg5 {[%emt 0:00:34]} 44. Qb3 {[%emt 0:00:45]} Na5 {[%emt 0:00:56]} 45. Qd3 {[%emt 0:00:17]} Nxc6 {[%emt 0:00:13]} 46. bxc6 {[%emt 0:00:01]} Qc1+ {[%emt 0:00:07]} 47. Kh2 {[%emt 0:00:41]} Qxc6 {[%emt 0:00:06]} 48. Rc2 {[%emt 0:00:01]} Qb7 {[%emt 0:01:30]} 49. Nc5 {[%emt 0:00:54]} Qb1 {[%emt 0:00:23]} 50. Bc3 {[%emt 0:01:20]} a2 {[%emt 0:00:36]} 51. Nxe6 {[%emt 0:00:33]} fxe6 {[%emt 0:00:20]} 52. Qe2 {[%emt 0:00:01]} Rf6 {[%emt 0:00:34]} 0-1

[Event "1st Goa GM Open 2018"]
[Site "Taleigao"]
[Date "2018.10.17"]
[Round "6"]
[White "Navalgund, Niranjan"]
[Black "Viani Antonio Dcunha"]
[Result "1-0"]
[WhiteElo "2245"]
[BlackElo "2430"]
[Annotator "TA"]
[PlyCount "92"]
[EventDate "2018.10.13"]
[EventType "swiss"]
[EventCountry "IND"]
[SourceTitle "playchess.com"]
[Source "ChessBase"]
[SourceQuality "1"]

{[%evp 22,92,38,38,55,51,48,40,77,49,58,43,24,22,116,102,209,205,214,215,206,208,223,236,199,75,93,-12,14,15,15,15,15,15,15,15,15,16,37,38,38,38,41,8,8,8,8,8,8,8,8,8,8,8,16,0,0,0,0,0,11,11,437,282,336,310,29974,29976,29976,29977,29977,29978,29985]} 1. d4 Nf6 2. c4 e6 3. Nc3 Bb4 4. Nf3 d5 5. e3 O-O 6. Bd3 b6 7. O-O Bb7 8. cxd5 exd5 9. Ne5 Nbd7 10. f4 {E52: Nimzoindisch (Moderne Variante)} Ne4 (10... c5 11. Ne2 c4 12. Bc2 Ne8 13. Rf3 Ndf6 14. Nc3 Bc8 15. Nc6 Qd6 16. Nxb4 Qxb4 17. h3 Bb7 18. Bd2 Qe7 {1-0 (89) Navara,D (2741)-Kryvoruchko,Y (2711) Linares 2018}) 11. Nxe4 dxe4 12. Bc4 {LiveBook: 5 Partien. Und weiter mit Sxf7 wäre nett.Weiß steht etwas besser.} Bd6 13. Qb3 {[%cal Re5f7]} Qe7 14. Bd2 $146 ({Vorgänger:} 14. Bd5 Bxd5 15. Qxd5 Nf6 16. Qc6 Qe6 17. Bd2 Bxe5 18. Qxe6 fxe6 19. dxe5 {0-1 (58) Zhukova,N (2459)-Zhao,X (2552) Khanty-Mansiysk 2014}) 14... Nf6 15. Be1 c5 16. dxc5 Bxc5 17. Bh4 $36 {[%mdl 2048] Weiss kämpft um Vorteil.} Rad8 (17... Bc8 $11 {hält das Gleichgewicht.}) 18. Rad1 $16 Bd6 (18... Rxd1 $16 19. Rxd1 Rd8) 19. Ng4 $18 Bc8 20. Nxf6+ gxf6 21. Qc3 Kg7 22. Rd5 $1 h6 {[#]} 23. Rfd1 (23. Re5 $1 $18 {[%cal Re5e7]} Be6 24. Rxe4) 23... Bc7 24. Qd4 (24. R1d4 $16) 24... Rxd5 25. Bxd5 ({Doch nicht} 25. Qxd5 Rd8 $17) 25... Rd8 26. Rc1 {Schwarz muss nun Txc7! beachten.} Bd6 $1 {[%cal Rd6c5] ...Lc5 ist eine echte Drohung.} 27. Qxe4 Qxe4 28. Bxe4 Bc5 29. Bf2 Rd2 30. b4 $1 {[%cal Rb4c5]} Bxb4 31. Be1 Rb2 $1 {Droht stark ...Lc5.} 32. Bxb4 Rxb4 $14 {[%mdl 4096] Endspiel KTL-KTL} 33. Bd5 Be6 34. Bxe6 fxe6 $11 {KT-KT} 35. Rc7+ Kg6 36. Rxa7 Rb2 37. h3 Kf5 38. Ra4 h5 39. Kf1 h4 40. a3 {[%cal Ba2a3,Ba3b4][%mdl 32]} b5 41. Rb4 Rxb4 $4 {[%mdl 8192]} (41... Ra2 $11) 42. axb4 Ke4 43. g4 hxg3 $2 {[#]} (43... e5 $18) 44. h4 $1 {[%cal Bh3h4,Bh4h5][%mdl 32] Weiß setzt Matt.} e5 45. h5 exf4 46. exf4 Kd5 {Precision: Weiß = 72%, Schwarz = 29%.} 1-0

[Event "1st Goa GM Open 2018"]
[Site "Taleigao"]
[Date "2018.10.17"]
[Round "6"]
[White "Hari Madhavan N B"]
[Black "Fominyh, Alexander"]
[Result "1/2-1/2"]
[WhiteElo "2224"]
[BlackElo "2405"]
[Annotator "RC"]
[PlyCount "84"]
[EventDate "2018.10.13"]
[EventType "swiss"]
[EventCountry "IND"]
[SourceTitle "playchess.com"]
[Source "ChessBase"]
[SourceQuality "1"]
[TimeControl "5400+30"]

1. d4 {[%emt 0:00:00]} Nf6 {[%emt 0:00:00]} 2. c4 {[%emt 0:00:00]} c5 {[%emt 0:00:00]} 3. Nf3 {[%emt 0:00:00]} cxd4 {[%emt 0:00:10]} 4. Nxd4 {[%emt 0:00:07]} e6 {[%emt 0:00:11]} 5. g3 {[%emt 0:00:30]} Qc7 {[%emt 0:00:13]} 6. b3 {[%emt 0:01:39]} Bb4+ {[%emt 0:09:19]} 7. Bd2 {[%emt 0:00:23]} Bc5 {[%emt 0:00:05]} 8. e3 {[%emt 0:07:48]} e5 {[%emt 0:05:14]} 9. Nb5 {[%emt 0:06:35]} Qc6 {[%emt 0:00:39]} 10. Rg1 {[%emt 0:00:06]} d5 {[%emt 0:14:07]} 11. Bg2 {[%emt 0:01:22]} Be6 {[%emt 0:00:15]} 12. N1c3 {[%emt 0:03:24]} Na6 {[%emt 0:01:11]} 13. cxd5 {[%emt 0:04:24]} Nxd5 {[%emt 0:00:31]} 14. Bxd5 {[%emt 0:00:16]} Bxd5 {[%emt 0:00:26]} 15. Nxd5 {[%emt 0:00:06]} Qxd5 {[%emt 0:00:29]} 16. Nc3 {[%emt 0:00:08]} Qe6 {[%emt 0:00:40]} 17. Qf3 {[%emt 0:00:09]} O-O {[%emt 0:06:43]} 18. Qd5 {[%emt 0:04:07]} Qe7 {[%emt 0:00:17]} 19. Ke2 {[%emt 0:00:20]} Rad8 {[%emt 0:04:57]} 20. Qe4 {[%emt 0:03:04]} b5 {[%emt 0:08:36]} 21. Rgd1 {[%emt 0:05:40]} Nc7 {[%emt 0:10:09]} 22. Be1 {[%emt 0:04:29]} Qe6 {[%emt 0:00:37]} 23. Rxd8 {[%emt 0:02:05]} Rxd8 {[%emt 0:00:03]} 24. Rd1 {[%emt 0:00:44]} Rxd1 {[%emt 0:00:28]} 25. Kxd1 {[%emt 0:00:09]} f5 {[%emt 0:03:22]} 26. Qb7 {[%emt 0:04:37]} Bb6 {[%emt 0:01:24]} 27. e4 {[%emt 0:04:50]} fxe4 {[%emt 0:04:42]} 28. Qxe4 {[%emt 0:09:55]} h6 {[%emt 0:00:24]} 29. Qd3 {[%emt 0:03:55]} Qc6 {[%emt 0:02:58]} 30. Ne4 {[%emt 0:04:19]} Qd5 {[%emt 0:05:24]} 31. Qxd5+ {[%emt 0:02:09]} Nxd5 {[%emt 0:01:17]} 32. Ke2 {[%emt 0:00:35]} a6 {[%emt 0:03:52]} 33. Bc3 {[%emt 0:05:57]} Nf6 {[%emt 0:03:46]} 34. Nxf6+ {[%emt 0:04:25]} gxf6 {[%emt 0:00:04]} 35. g4 {[%emt 0:00:07]} Kg7 {[%emt 0:03:43]} 36. f3 {[%emt 0:01:41]} h5 {[%emt 0:00:16]} 37. h3 {[%emt 0:08:48]} Kg6 {[%emt 0:01:21]} 38. Kd3 {[%emt 0:01:51]} hxg4 {[%emt 0:00:09]} 39. hxg4 {[%emt 0:00:42]} Kf7 {[%emt 0:00:06]} 40. Ke4 {[%emt 0:00:07]} Ke6 {[%emt 0:00:06]} 41. Bb2 {[%emt 0:00:21]} Bc7 {[%emt 0:00:13]} 42. Bc1 {[%emt 0:00:25]} Bd6 1/2-1/2

[Event "1st Goa GM Open 2018"]
[Site "Taleigao"]
[Date "2018.10.17"]
[Round "6"]
[White "Senthil Maran K"]
[Black "Rakesh Kumar Jena"]
[Result "0-1"]
[WhiteElo "2216"]
[BlackElo "2388"]
[Annotator "NA RC"]
[PlyCount "7"]
[EventDate "2018.10.13"]
[EventType "swiss"]
[EventCountry "IND"]
[SourceTitle "playchess.com"]
[Source "ChessBase"]
[SourceQuality "1"]
[TimeControl "5400+30"]

{[%evp 7,7,76]} 1. d4 {[%emt 0:14:54]} g6 {[%emt 0:00:00]} 2. c4 {[%emt 0:00:31]} Bg7 {[%emt 0:00:00]} 3. g3 {[%emt 0:00:13]} Kf8 $146 {[%emt 0:00:00]} ({Predecessor:} 3... Nf6 4. Bg2 d5 5. cxd5 Nxd5 6. Nf3 c5 7. e4 Nf6 8. e5 Nfd7 9. e6 fxe6 10. Ng5 Nf6 11. dxc5 Qxd1+ 12. Kxd1 O-O 13. Ke2 Na6 14. Nc3 {½-½ (27) Ding,L (2777)-Li,C (2732) Riadh 2017}) 4. Bg2 {[%emt 0:00:10]} 0-1

[Event "1st Goa GM Open 2018"]
[Site "Taleigao"]
[Date "2018.10.17"]
[Round "6"]
[White "Samant Aditya S"]
[Black "Audi Ameya"]
[Result "0-1"]
[WhiteElo "2211"]
[BlackElo "2375"]
[Annotator "TA"]
[PlyCount "108"]
[EventDate "2018.10.13"]
[EventType "swiss"]
[EventCountry "IND"]
[SourceTitle "playchess.com"]
[Source "ChessBase"]
[SourceQuality "1"]

{[%evp 21,108,27,25,39,16,-14,0,-51,-59,-91,-55,-125,-125,-121,-131,-131,-131,-131,-131,-136,-133,-135,-130,-119,-104,-165,-70,-93,-101,-227,-227,-210,-221,-299,-308,-345,-324,-308,-326,-314,-283,-303,-305,-311,-295,-289,-273,-275,-235,-372,-365,-401,-414,-700,-332,-297,-341,-345,-350,-360,-327,-427,-438,-479,-341,-552,-388,-367,-356,-1194,-958,-1292,-1275,-1148,-1203,-883,-841,-5547,-5547,-5540,-5523,-5494,-5487,-5427,-5314,-5285,-912,-2237,-2084]} 1. e4 e5 2. Nf3 Nc6 3. Bb5 a6 4. Ba4 Nf6 5. O-O Nxe4 6. d4 b5 7. Bb3 d5 8. dxe5 Be6 9. Be3 Be7 10. c3 Na5 11. Nd4 {C83: Open Ruy Lopez: 9 c3 Be7} O-O {LiveBook: 3 Games} (11... c5 12. Nxe6 fxe6 13. Bc2 O-O 14. Qg4 Nc4 15. Qxe6+ Kh8 16. Bc1 Ng5 17. Bxg5 Bxg5 18. Rd1 Qc7 {1-0 (61) Villanueva,M (2420)-Paveto,K (2417) Villa Martelli 2015}) 12. f3 Nc5 13. f4 {The position is equal.} Ncxb3 ({Reject} 13... Naxb3 14. axb3 Bd7 15. b4 $14) 14. Nxb3 (14. axb3 $11 c5 15. Nxe6 fxe6 16. g3) 14... Nc4 $15 15. Bc1 $146 ({Predecessor:} 15. Bd4 Bf5 16. Rf2 a5 17. Nc5 a4 18. Qc1 Qe8 {0-1 (41) Keres,P-Euwe,M Stockholm 1937}) 15... Qd7 16. Qf3 (16. Nd4 $1 $15) 16... f6 $17 17. exf6 Rxf6 18. N1d2 Raf8 19. Nxc4 bxc4 20. Nd4 Bg4 $36 {[%mdl 2048] Black has strong initiative.} 21. Qf2 c5 22. Nf3 Bd6 23. g3 (23. Bd2 $17) 23... Bf5 (23... Bh3 $1 $19 {Threatens to win with ...Qg4.} 24. Re1 Qb7) 24. Be3 Qc8 25. Rad1 (25. Rfe1 $17) 25... Bd3 $1 $19 26. Rfe1 {[#]} Qg4 $1 27. Nd2 d4 28. cxd4 cxd4 29. Nxc4 Bxc4 30. Rxd4 Qe6 31. b3 Bb5 32. Qf3 Bc5 33. Re4 Bxe3+ 34. Qxe3 Qh3 {White must now prevent ...Bc6.} 35. Qf2 (35. Re6 {keeps fighting.}) 35... Bc6 36. Re5 Qd7 37. Qc5 {[#]} (37. a3 $142 Qd3 38. Rc5) 37... Ba8 (37... Rxf4 $142 $1 {[%mdl 512] ( -> ...Qh3!)} 38. Re6 (38. gxf4 Qg4+) 38... R4f6) 38. Re7 Qh3 {[%csl Ga8][%cal Rh3g2]} 39. Qc4+ Kh8 {[%csl Ga8][%cal Rh3g2]} 40. Qf1 Qf5 41. Qc4 Qh5 42. R7e3 Qh3 {[%csl Ga8][%cal Rh3g2]} 43. R3e2 $2 (43. Qe2) 43... Qg4 44. Re3 h6 45. a4 $2 (45. Qe2 Qf5 46. Qd2) 45... Rxf4 {Black is clearly winning.} 46. Qe2 Qg6 47. Re6 R4f6 48. Re8 Qf5 49. Rxf8+ Rxf8 50. Rf1 Qc5+ 51. Rf2 a5 52. Kf1 Rxf2+ 53. Qxf2 Qxf2+ 54. Kxf2 Bd5 {Precision: White = 34%, Black = 74%.} 0-1